000
00298nam a2200121Ia 4500
008
220204s9999 xx 000 0 und d
082
_a
543.25
_b
LIN
100
_a
Lingane, James J
245
0
_a
Electroanalytical chemistry
250
_a
Ed.2
260
_a
New York
_b
Interscience
_c
1958
942
_c
BK
999
_c
19679
_d
19679